000 00551nam a22001697a 4500
003 LC
005 20151203152910.0
008 151203b xxu||||| |||| 00| 0 eng d
020 _a9781876659806
050 _aQC 35 .K41 2008 vol.2
100 _aKerr, Gregg
245 _aPhysics investigations :
_bfor use with the IB diploma programme : volume 2 relevant to the HL topics
_cGregg Kerr., David Greig
250 _a3rd edition
260 _aVictoria : Australia
_bIBID Press
_c2008
300 _a69 pages.,
_bill.;
_c26 cm.
942 _2lcc
_cBK
999 _c289013
_d289013